000 00746nam a2200241 i 4500
001 bg
100 1 _aKAZARJAN, G. T.
245 1 0 _aPotencial, transportnye processy i formirovanie K+ - poglotitel'noj sistemy v kornevych kletkach rjada vyssich rastenij /
_cG.T. Kazarjan, Je.E. Spevlja.
260 _aLjublin :
_bIzd. Ljublinskogo Politechniceskogo Instituta,
_c1994.
300 _a279 s. :
_brys. ;
_c24 cm.
504 _aBibliogr. s. 256-279.
650 9 _aBiofizyka
650 9 _aRośliny
_xfizjologia
700 1 _aSPEVLJA, Je. E.
700 1 _aŚPIEWLA, E.
020 _a8386333251
040 _cBPK
041 _apol
080 _a577.3
920 _a83-86333-25-1
942 _cKS
008 s pl f |000 0 pol
999 _c30510
_d30510